<?xml version="1.0" encoding="UTF-8"?>
<record
    xmlns:xsi="http://www.w3.org/2001/XMLSchema-instance"
    xsi:schemaLocation="http://www.loc.gov/MARC21/slim http://www.loc.gov/standards/marcxml/schema/MARC21slim.xsd"
    xmlns="http://www.loc.gov/MARC21/slim">

  <leader>01243nam a2200241Ia 4500</leader>
  <controlfield tag="003">OSt</controlfield>
  <controlfield tag="005">20210730110440.0</controlfield>
  <controlfield tag="008">130821s1994    ck     gr           spa  </controlfield>
  <datafield tag="020" ind1=" " ind2=" ">
    <subfield code="a">9586640094</subfield>
  </datafield>
  <datafield tag="040" ind1=" " ind2=" ">
    <subfield code="a">Co-BoUCM</subfield>
    <subfield code="b">spa</subfield>
    <subfield code="c">CO-JMCR</subfield>
  </datafield>
  <datafield tag="041" ind1="0" ind2=" ">
    <subfield code="a">spa</subfield>
  </datafield>
  <datafield tag="082" ind1="0" ind2="4">
    <subfield code="a">332.11 /</subfield>
    <subfield code="b">B213b</subfield>
    <subfield code="2">23</subfield>
  </datafield>
  <datafield tag="110" ind1="2" ind2=" ">
    <subfield code="a">Banco de la Rep&#xFA;blica</subfield>
    <subfield code="9">14538</subfield>
  </datafield>
  <datafield tag="245" ind1="1" ind2="3">
    <subfield code="a">La banca central en Colombia : </subfield>
    <subfield code="b">normas b&#xE1;sicas / </subfield>
    <subfield code="c">Banco de la Rep&#xFA;blica.</subfield>
  </datafield>
  <datafield tag="260" ind1=" " ind2=" ">
    <subfield code="a">Bogot&#xE1; : </subfield>
    <subfield code="b">Banco de la Rep&#xFA;blica, </subfield>
    <subfield code="c">1994.</subfield>
  </datafield>
  <datafield tag="300" ind1=" " ind2=" ">
    <subfield code="a">378 p&#xE1;ginas ; </subfield>
    <subfield code="c">24 cm.</subfield>
  </datafield>
  <datafield tag="490" ind1="0" ind2=" ">
    <subfield code="a">Colecci&#xF3;n Bibliogr&#xE1;fica Banco de la Rep&#xFA;blica.</subfield>
    <subfield code="a">Historia y Teor&#xED;a Econ&#xF3;mica</subfield>
  </datafield>
  <datafield tag="505" ind1="0" ind2=" ">
    <subfield code="a">Constituci&#xF3;n pol&#xED;tica de Colombia. -- Ley 31 de 1992. -- Decreto 1855 de 1991. -- Decreto 246 de 1993. -- Decreto 234 de 1993. -- Decreto 239 de 1993. -- Decreto 193 de 1993. -- Decreto 2520 de 1993 estatutos del Banco de la Rep&#xFA;blica. -- Ley 9 de 1991. -- ley 34 de 1993. -- Ley 35 de 1993. -- Decreto 663 de 1993. -- Decreto 653 de 1993. -- Ley 100 e3 1993. -- ley 101 de 1993. -- Ley 42 de 1993. -- Ley 130 de 1994.</subfield>
  </datafield>
  <datafield tag="650" ind1="1" ind2="4">
    <subfield code="a">Bancos centrales</subfield>
    <subfield code="x">Aspectos constitucionales</subfield>
    <subfield code="z">Colombia</subfield>
    <subfield code="9">9921</subfield>
  </datafield>
  <datafield tag="650" ind1="2" ind2="4">
    <subfield code="a">Bancos centrales</subfield>
    <subfield code="x">Legislacin&#x324;</subfield>
    <subfield code="z">Colombia</subfield>
    <subfield code="9">9921</subfield>
  </datafield>
  <datafield tag="650" ind1="2" ind2="4">
    <subfield code="a">Finanzas</subfield>
    <subfield code="9">7628</subfield>
  </datafield>
  <datafield tag="942" ind1=" " ind2=" ">
    <subfield code="c">BK</subfield>
    <subfield code="2">ddc</subfield>
  </datafield>
  <datafield tag="999" ind1=" " ind2=" ">
    <subfield code="c">12056</subfield>
    <subfield code="d">12056</subfield>
  </datafield>
  <datafield tag="952" ind1=" " ind2=" ">
    <subfield code="0">0</subfield>
    <subfield code="1">0</subfield>
    <subfield code="2">ddc</subfield>
    <subfield code="4">0</subfield>
    <subfield code="7">0</subfield>
    <subfield code="a">CPL</subfield>
    <subfield code="b">CPL</subfield>
    <subfield code="c">GEN</subfield>
    <subfield code="d">2018-04-15</subfield>
    <subfield code="e">Donaci&#xF3;n</subfield>
    <subfield code="o">332.11 / B213b</subfield>
    <subfield code="p">430002351</subfield>
    <subfield code="r">2024-05-16 00:00:00</subfield>
    <subfield code="t">Ej.1</subfield>
    <subfield code="w">2021-03-10</subfield>
    <subfield code="y">BK</subfield>
  </datafield>
</record>
